00867nam a2200241 i 4500001000700000003000900007005001700016007000300033008004100036080001600077100002600093245011300119250001500232260004000247300002200287490003500309600002700344700003800371830004300409852003200452999001900484952012200503129573ES-MaACL20250820051417.0t|070626s1965 sp ||||1| cat d a232.931(04)1 aThurian, Max.911018410aMaría, Mare del Senyor, figura de l'Església / cMax Thurian ; [traducció d'Herminia Grau de Durán]. a[1ª ed.]. aBarcelona : bEdicions 62, c[1965] a212 p. ; c20 cm.1 aCol-lecció "Dikoumene" ; v404aVirgen María91154361 aGrau de Durán, Herminia.9597490 aCol-lecció "Dikoumene" ; v49219351 aES-MaACLjC-27845 bR.57051 c129573d129573 00104070aATENEOMbATENEOMcDEPO2d2008-01-17eSCl0oC-27845p1134927r2023-02-23 00:00:00w2023-02-23yMONOGRAFIA